| 000 | 00936nam a2200229Ia 4500 | ||
|---|---|---|---|
| 001 | 15983 | ||
| 003 | GE_BSU | ||
| 008 | 181216s||||||||xx |||||||||||||| ||und|| | ||
| 040 | _cGE_BSU | ||
| 080 | _a910.4(492)+908(492) | ||
| 100 | _aჯაფარიძე, რევაზი | ||
| 245 | _aადამიანის მორჩილი ზღვა | ||
| 245 | _bჰოლანდიასა და ბელგიაში მოგზაურობების შთაბეჭდილებები | ||
| 245 | _cრედ. ც.ცერცვაძე | ||
| 260 | _aთბილისი | ||
| 260 | _bნაკადული | ||
| 260 | _c1970 | ||
| 300 | _a138 გვ. ; 19 სმ | ||
| 653 | _aადამიანის მორჩილი ზღვა | ||
| 653 | _aმოგზაურობა ჰოლანდიაში; მოგზაურობა ბელგიაში; | ||
| 942 | _cBK | ||
| 999 |
_c49076 _d49076 |
||